Michal Kováč ml. navrhol doplniť vyšetrovací spis v kauze Technopol

Bibliographic Details
Main Authors: Gembický, Július (Author), Kováč, Michal, 1961- (Author)
Format: Article
Language:Slovak
Subjects:

MARC

LEADER 00000nab a2200000 a 4500
001 vtls000586408
003 SK-MaSNL
005 20260303194715.0
008 120930c1996 xo 0 slo
015 |a SNBRB19rr/mm-uuuuu 
035 |a CL0586547 
040 |a SNKBUCL  |b slo  |c SNKBUCL  |e AACR2 
041 0 |a slo 
044 |a xo  |c SK 
080 |a 343.7  |2 1981 
080 |a 343.43  |2 1981 
100 1 |a Gembický, Július  |4 aut  |9 232498 
245 1 0 |a Michal Kováč ml. navrhol doplniť vyšetrovací spis v kauze Technopol  |c Július Gembický 
650 0 7 |a kauza Technopol  |2 snkbucl  |9 897079 
655 7 |a články z novín a časopisov  |2 snkbucl  |9 267496 
700 1 |a Kováč, Michal,  |d 1961-  |4 aut  |9 12249 
773 0 |t Národná obroda  |g Roč. 7, č. 127 (1. 6. 1996), s. 1 a 2 
850 |a Slovenská národná knižnica v Martine  |a MTA001 
852 |a SNK  |b KIS3GCP 
958 |a RK 
992 |a RBX 
999 |c 2159042  |d 2160972